Fast Food Burgers Quiz Stats

 Plays Quiz not verified by Sporcle

Also try: 10,000 Quiz
Challenge
Share
Tweet
Embed
Score 0/12 Timer 04:00
0 Plays Today
Restaurant Burger Name % Correct
McDonaldsBig Mac
96.7%
Wendy'sTriple
21%
In-N-OutDouble Double
17.1%
Burger KingTriple Whopper
10.8%
Hardee'sMonster Thickburger
3.6%
SonicSupersonic Cheeseburger
2.1%
White CastleDouble Bacon Cheeseburger
1.8%
Carl's Jr.Double Six Dollar Burger
1.5%
A&WBacon Double Cheeseburger
1.2%
Jack in the BoxSirloin Bacon 'n' Cheese Burger
0.3%
Dairy QueenFlamethrower Grillburger
0.3%
Del TacoBacon Double Del Cheeseburger
0.3%

You're not logged in!

Compare scores with friends on all Sporcle quizzes.
Join for Free
OR
Log In

You Might Also Like...

Show Comments

Extras

Top Quizzes Today


Score Distribution

Your Account Isn't Verified!

In order to create a playlist on Sporcle, you need to verify the email address you used during registration. Go to your Sporcle Settings to finish the process.

Report this User

Report this user for behavior that violates our Community Guidelines.

Details: